000 00615nam a2200193Ia 4500
003 GCL
008 140319s9999 xx 000 0 ara d
020 _a414291977
040 _aGCL /
_cGCL
082 0 4 _a813.03
_bم ح
100 1 _aمحمود قاسم
245 1 0 _aالحياة مفرد مؤنث /
_cمحمود قاسم
260 _aالقاهرة :
_bمركز الحضارة العربية للاعلام والنشر ،
_c2003
300 _a143 ص ؛
_c16 سم
650 0 4 _aالادب العربى
650 0 4 _aالقصص العربية
650 0 4 _aالقصص الاجتماعية
942 _2ddc
_cBK
999 _c4775
_d4775